000 00789na a2200277 4500
001 14230
003 MIRAKIL
005 20181213155008.0
008 161101b tu 000 0
035 _a14230
040 _aMilas
_btur
_cTR-AnCHP
041 _atur
082 _a956
_bE63ç 1992
090 _a956 E63ç 1992
100 _aErendil, Muzaffer
245 _aÇağdaş orta Doğu olayları
_cMuzaffer Erendil
260 _aAnkara
_bGenel Kurmay Basımevi
_c1992
300 _a166 s.
_btbl.; hrt.
_c23 sm.
490 _aGenel Kurmay Basımevi
_v92/ 27
504 _aKaynakça var.
650 _aJeopolitik
_zOrta Doğu ülkeleri
650 _aOrta Doğu sorunu
650 _aSiyasi ideolojiler
_zOrta Doğu
651 _aOrta Doğu ülkeleri
_xTarih
942 _2ddc
_cBKS
999 _c4523
_d4523